000
00250nam a22001217a 4500
003
SGT
082
_a
823
_b
LEE
100
_a
LEE HARPER
245
_a
TO KILL A MOCKINGBIRD
260
_a
LONDON
_b
ARROW BOOK
_c
1989
300
_a
309
942
_2
ddc
_c
BK
999
_c
33728
_d
33728